000 00678nam a2200169 a 4500
008 120201s1997 ||||||||||||||||| || u
050 _aCYBRARY
110 _aWorld Bank
245 1 0 _aWorld development sources.
_h[cd-rom]
260 _aWashington:
_bWorld Bank
_c1997
300 _a3/4 inch
350 _a0.00
650 0 _aECONOMIC DEVELOPMENT
650 0 _aAFRICA--ECONOMIC CONDITIONS
995 _ae-RESOURCES
_D0.00
_e03008478
_FCBU-MAIN LIBRARY (Kitwe)
_H1
_I0.00
_jCYBRARY
_M1
_UAVAILABLE
_WFeb 1, 2012
_yZ03008478
_Ze-Media Collection
995 _ae-RESOURCES
_D0.00
_e03008479
_FCBU-MAIN LIBRARY (Kitwe)
_H1
_I0.00
_jCYBRARY
_M2
_UAVAILABLE
_WFeb 1, 2012
_yZ03008479
_Ze-Media Collection
999 _c83237
_d83237